American doctoral dissertations on Asia, 1933 - June 1966; including appendix of master's theses at Cornell University, 1933 - June 1968,

Saved in:
Bibliographic Details
Main Author: Stucki, Curtis W.
Format: Book
Language:English
Published: Ithaca, N.Y., Southeast Asia Program, Cornell University, 1968.
Series:Data paper (Cornell University. Southeast Asia Program) ; no. 71.
Subjects:
LEADER 01255nam a2200301 a 4500
001 c000350167
003 CARM
005 20020213114827.0
008 690512s1968 nyu b 001 0 eng
010 |a 73003609 //r84 
019 1 |a 500308  |z 4014391  |5 LACONCORD2021 
035 |a (OCoLC)7683  |5 LACONCORD2021 
040 |a LC  |b eng  |c LC  |d XNTU 
050 0 0 |a Z3001  |b .S73 
050 4 |a DS5  |b .S8 
082 0 4 |a 016.915 
082 0 4 |a 016.915 
100 1 |a Stucki, Curtis W. 
245 1 0 |a American doctoral dissertations on Asia, 1933 - June 1966;  |b including appendix of master's theses at Cornell University, 1933 - June 1968,  |c by Curtis W. Stucki. 
260 |a Ithaca, N.Y.,  |b Southeast Asia Program, Cornell University,  |c 1968. 
300 |a 304 p.  |c 28 cm. 
490 0 |a Cornell University. Southeast Asia Program. Data paper ;  |v no. 71 
650 0 |a Dissertations, Academic  |z United States  |x Bibliography. 
651 0 |a Asia  |x Bibliography. 
830 0 |a Data paper (Cornell University. Southeast Asia Program) ;  |v no. 71. 
852 8 |b CARM  |h A1:AN19E0  |i F02708  |p 0420574  |f BK 
999 f f |i aedd602f-9b52-565e-91cb-8a5c1523c663  |s 608faf9f-66d8-534d-8bbc-16297bd31cd0 
952 f f |p Can circulate  |a CAVAL  |b CAVAL  |c CAVAL  |d CARM 1 Store  |e F02708  |f A1:AN19E0  |h Other scheme  |i book  |m 0420574